[Event "St Petersburg Rapid GP"]
[Site "St Petersburg"]
[Date "2024.08.24"]
[Round "2"]
[White "Markov, Mikhail A"]
[Black "Alekseev, Evgeny V"]
[Result "0-1"]
[WhiteElo "1797"]
[BlackElo "2537"]
[PlyCount "62"]
[EventDate "2024.08.24"]
[EventType "swiss (rapid)"]
[EventRounds "11"]
[EventCountry "RUS"]
[SourceTitle "CBM 221 Extra"]
[Source "ChessBase"]
[SourceDate "2024.09.30"]
[SourceVersion "1"]
[SourceVersionDate "2024.09.30"]
[SourceQuality "1"]

1. d4 Nf6 2. c4 e6 3. g3 c5 4. Nf3 cxd4 5. Nxd4 Qc7 6. b3 a6 7. Bg2 Bb4+ 8. Bd2 Be7 9. 0-0 Nc6 10. Bc3 d6 11. Nd2 Bd7 12. Qb1 0-0 13. Qb2 Nxd4 14. Bxd4 Bc6 15. e4 e5 16. Bc3 b5 17. cxb5 axb5 18. Bb4 Qd7 19. Rac1 Rfc8 20. h3 Bd8 21. Kh2 Bb6 22. a3 Bb7 23. Qb1 Rxc1 24. Qxc1 Rc8 25. Qb1 d5 26. Qd3 Rd8 27. Bc3 dxe4 28. Qxd7 Rxd7 29. g4 e3 30. fxe3 Bxg2 31. Kxg2 Nd5 0-1